00750nam a2200217Ia 4500003000400000008004100004020002700045040000800072100002200080245010100102260002800203300001500231365001200246440003000258901002100288902003600309903005800345942001200403952010000415999001700515LDD181029s9999 xx 000 0 und d a9780415366533cP 26.99 cLDD aLindner,Christoph 0aUrban space and cityscapesbperspectives from modern and contemporary culturecChristoph Lindner aLondonbRoutledgec2006 axviii, 226 bP 26.99 aQuestioning cities series a7647b19-09-2011 aIN21748b22-09-2011cFdSBeFTF aDiscount-15bReqst by : Archana Singh  2ddccBK 00102ddc4070997814aLDDbLDDl0o307.1216 Ur12p081149r2018-11-01v2037.20w2018-11-01yBK c97815d97815